LEADER 00695nam a2200193 i 4500 001 000000064856 003 CaOOAMICUS 005 20100825000000.0 008 100825n it u000 u ita u 013 $a36028 040 $aSeMil$bita 245 10$aVolume 1. 300 $aXVI, 430 p. 600 04$aDe Paoli, Vincenzo .$0(OLS)http://semarc/subject/2139 773 0 $aCoste, Pierre <1873-1935>$tGrande santo del gran secolo.$dRoma : Direzione «Annali della Missione», 1934.$w()23706 850 $aSeMil 852 $aSeMil$W1$xVenegono$y1$m3H V 241$j31009$B31009$CSeMilBibl$Z2$F31012 $81 961 $aOmaggio: Donazione 996 $6245$aVolume 1$9(OLS)http://semarc/title/46244 LEADER 01361nam a2200313 i 4500 001 000000164191 003 CaOOAMICUS 005 20220530101717.0 008 070905s1994 it u000 u ita u 013 $a141558 020 $a88-04-38003-9 040 $aSeMil$bita 100 1 $aShakespeare, William,$d<1564-1616>.$0(OLS)http://semarc/name/1186 240 10$aTitus Andronicus.$0(OLS)http://semarc/title/234247 245 10$aTito Andronico /$cWilliam Shakespeare ; Traduzione di Maria Vittoria Tessitore ; Saggio introduttivo di Anna Luisa Zazo. 264 1$aMilano :$bOscar Mondadori,$c1994. 300 $aLX, 215 p. ;$c19 cm. 490 1 $aOscar classici ;$v272 650 4$aShakespeare, William <1564-1616> - Opere.$0(OLS)http://semarc/subject/3624 700 1 $aZazo, Anna Luisa,$d<1950- >.$0(OLS)http://semarc/name/44326 700 1 $aTessitore, Maria Vittoria.$0(OLS)http://semarc/name/62102 830 0$aOscar classici ;$v272.$0(OLS)http://semarc/title/11954 850 $aSeMil 852 $aSeMil$W1$xVenegono$y1$m1V III 192$j115475$B115475$CSeMilBibl$Z2$F126622 $81 961 $aOmaggio: Altro 996 $6020$a88-04-38003-9$9(OLS)http://semarc/number/150429 996 $6245$aTito Andronico$9(OLS)http://semarc/title/234246 996 $6264$aMilano :$bOscar Mondadori$9(OLS)http://semarc/publisher/30178